Delincuentes profesionales contra la propiedad (Record no. 143355)

MARC details
000 -LEADER
campo de control de longitud fija 00904nam a2200193 i 4500
001 - NÚMERO DE CONTROL
campo de control 143355
003 - IDENTIFICADOR DE NÚMERO DE CONTROL
campo de control ES-MaACL
005 - FECHA Y HORA DE LA ÚLTIMA TRANSACCIÓN
campo de control 20230906200805.0
007 - CAMPO FIJO DE DESCRIPCIÓN FÍSICA--INFORMACIÓN GENERAL
campo de control de longitud fija t|
008 - DATOS DE LONGITUD FIJA--INFORMACIÓN GENERAL
campo de control de longitud fija 070214s1935 sp a |||| | spa d
100 1# - ENTRADA PRINCIPAL--NOMBRE DE PERSONA
Nombre de persona Serrano García, Pedro.
9 (RLIN) 105755
245 10 - MENCIÓN DEL TÍTULO
Título Delincuentes profesionales contra la propiedad
Resto del título : su clasificación, procedimiento para apoderarse de lo ajeno que usualmente emplean los profesionales del robo, el hurto, la estafa, la falsificación, el chantaje, etc. ; Estados peligrosos o próximos al delito, delincuentes patológicos : con un vocabulario del caló /
Mención de responsabilidad, etc. por Pedro Serrano García.
260 ## - PUBLICACIÓN, DISTRIBUCIÓN, ETC.
Lugar de publicación, distribución, etc. Madrid :
Nombre del editor, distribuidor, etc. [s. n.],
Fecha de publicación, distribución, etc. 1935 (
Fabricante Imp. Justo López)
300 ## - DESCRIPCIÓN FÍSICA
Extensión 144 p. :
Otras características físicas il. ;
Dimensiones 19 cm.
650 #4 - PUNTO DE ACCESO ADICIONAL DE MATERIA--TÉRMINO DE MATERIA
Término de materia o nombre geográfico como elemento de entrada Delincuentes.
9 (RLIN) 165205
650 #4 - PUNTO DE ACCESO ADICIONAL DE MATERIA--TÉRMINO DE MATERIA
Término de materia o nombre geográfico como elemento de entrada Dialecto caló.
9 (RLIN) 149852
650 #4 - PUNTO DE ACCESO ADICIONAL DE MATERIA--TÉRMINO DE MATERIA
Término de materia o nombre geográfico como elemento de entrada Lengua española-
Subdivisión general Argots y jergas-
Subdivisión de forma Diccionarios.
9 (RLIN) 148231
852 ## - LOCALIZACIÓN
Ubicación ES-MaACL
Número de control de estantería C-3936
Holdings
Estatus retirado Estado de pérdida Estado de daño No para préstamo Biblioteca de origen Biblioteca actual Ubicación en estantería Fecha de adquisición Fuente de adquisición Total de préstamos Signatura topográfica completa Código de barras Visto por última vez Precio de reemplazo Tipo de ítem Koha
        Biblioteca del Ateneo de Madrid Biblioteca del Ateneo de Madrid Sala Palomar 17/01/2008     C-3936 1149150 23/02/2023 23/02/2023 Libro impreso